| 000 | 00451nam a2200157 a 4500 | ||
|---|---|---|---|
| 001 | 3763 | ||
| 003 | CDMR | ||
| 005 | 20130522132031.0 | ||
| 008 | 130130s1991||||||||||||||||||||||||||||d | ||
| 040 |
_aCDMR _bcat _cCPC LLEIDA |
||
| 110 | 2 |
_9997 _aInternational Federation of Journalists |
|
| 245 | 1 | 0 |
_aWhat is journalists' copyright _cInternational Federation of Journalists |
| 260 |
_aLondon _c1991 _bIFJ |
||
| 650 | 0 | 4 |
_93160 _aDrets d'autor |
| 942 |
_cMON _2udc |
||
| 999 |
_c3763 _d3763 |
||